SCL 100 : (Record no. 2927)
[ view plain ]
| 000 -LEADER | |
|---|---|
| fixed length control field | 00714cas a2200241 a 4500 |
| 001 - CONTROL NUMBER | |
| control field | 2927 |
| 003 - CONTROL NUMBER IDENTIFIER | |
| control field | BD-DhEWU |
| 005 - DATE AND TIME OF LATEST TRANSACTION | |
| control field | 20140821103909.0 |
| 008 - FIXED-LENGTH DATA ELEMENTS--GENERAL INFORMATION | |
| fixed length control field | 110604s1996bg xx gn p r a000 00eng d |
| 040 ## - CATALOGING SOURCE | |
| Original cataloging agency | BD-DhEWU |
| Modifying agency | BD-DhEWU |
| Language of cataloging | eng |
| Transcribing agency | BD-DhEWU |
| 041 ## - LANGUAGE CODE | |
| Language code of text/sound track or separate title | eng |
| 082 04 - DEWEY DECIMAL CLASSIFICATION NUMBER | |
| Classification number | 338.7 |
| Item number | SCL 1996 |
| 245 10 - TITLE STATEMENT | |
| Title | SCL 100 : |
| Remainder of title | directory of 100 listed companies 1996 / |
| Statement of responsibility, etc | Professor Mahbub Ahmed |
| 260 ## - PUBLICATION, DISTRIBUTION, ETC. (IMPRINT) | |
| Place of publication, distribution, etc | Dhaka : |
| Name of publisher, distributor, etc | Securities Consultants, |
| Date of publication, distribution, etc | 1996. |
| 300 ## - PHYSICAL DESCRIPTION | |
| Extent | xv, 304 p. : |
| Other physical details | ill. ; |
| Dimensions | 28 cm. |
| 526 ## - STUDY PROGRAM INFORMATION NOTE | |
| Program name | Economics |
| 590 ## - LOCAL NOTE (RLIN) | |
| Local note | Shaharima Parvin |
| 653 00 - INDEX TERM--UNCONTROLLED | |
| Uncontrolled term | Business |
| Uncontrolled term | Business enterprises Corporations |
| 655 ## - INDEX TERM--GENRE/FORM | |
| Genre/form data or focus term | Directories |
| 9 (RLIN) | 17578 |
| 700 1# - ADDED ENTRY--PERSONAL NAME | |
| Personal name | Ahmed, Professor Mahbub |
| 9 (RLIN) | 17901 |
| 942 ## - ADDED ENTRY ELEMENTS (KOHA) | |
| Koha item type | Serials |
| Source of classification or shelving scheme | Dewey Decimal Classification |
| Withdrawn status | Lost status | Source of classification or shelving scheme | Damaged status | Not for loan | Collection code | Home library | Current library | Shelving location | Date acquired | Total Checkouts | Full call number | Barcode | Copy number | Koha item type |
|---|---|---|---|---|---|---|---|---|---|---|---|---|---|---|
| Dewey Decimal Classification | Not For Loan | Reference | Dr. S. R. Lasker Library, EWU | Dr. S. R. Lasker Library, EWU | Reference Section | 17/02/1997 | 338.7 SCL 1996 | 531 | C-1 | Serials |